| 000 | 01251nam a22003737a 4500 | ||
|---|---|---|---|
| 001 | 0014207 | ||
| 003 | KOHA_MİRAKIL | ||
| 005 | 20260207001946.0 | ||
| 007 | ta | ||
| 008 | 100225b1977 tu |||gro|||#1|||0|tur | | ||
| 020 | _c1,5 | ||
| 040 |
_aTR-BiSEU _btur _cTR-BiSEU _erda |
||
| 041 | 0 | _atur | |
| 044 | _ctu | ||
| 050 |
_aHD8656.5 _b.S67 1977 |
||
| 111 | 2 |
_aSosyal Siyaset Konferansları _933247 |
|
| 245 | 1 | _aSosyal siyaset konferansları yirmisekizinci kitap. | |
| 264 | 1 |
_aİstanbul : _bİstanbul Üniversitesi _c1977 |
|
| 300 | _a135 sayfa; 20 cm. | ||
| 336 |
_ametin _btxt _2rdacontent |
||
| 337 |
_aaracısız _bn _2rdamedia |
||
| 338 |
_acilt _bnc _2rdacarrier |
||
| 490 | 1 |
_aİstanbul Üniversitesi yayın no ; _v2316. |
|
| 490 | 1 |
_aİktisat Fakültesi ; _v394. |
|
| 490 | 1 |
_aİktisat ve İçtimaiyat Enstitüsü ; _v78. |
|
| 490 | 1 |
_aSosyal Gelişme ve Araştırma Enstitüsü ; _v2 |
|
| 650 | 0 |
_aSosyal Siyaset--Türkiye. _933248 |
|
| 830 | 1 |
_aİstanbul Üniversitesi yayın no ; _v2316. _933108 |
|
| 830 | 1 |
_aİktisat Fakültesi ; _v394. _915630 |
|
| 830 | 1 |
_aİktisat ve İçtimaiyat Enstitüsü ; _v78. _933249 |
|
| 830 | 1 |
_aSosyal Gelişme ve Araştırma Enstitüsü ; _v2 _933250 |
|
| 907 | _aKonferans | ||
| 942 |
_2lcc _cBK |
||
| 999 |
_c14170 _d14170 |
||